U.S. Senate Candidates - 2026 - Statistics

General Stats
  • This quiz has been taken 6 times
  • The average score is 19 of 70
Answer Stats
Hint Answer % Correct
MA Ed Markey
75%
SC Lindsey Graham
75%
GA Mike Collins
75%
ME Susan Collins
75%
NM Ben Ray Luján
50%
MS Cindy Hyde-Smith
50%
OR David Brock Smith
50%
ME Graham Platner
50%
TX James Talarico
50%
GA Jon Ossoff
50%
TX Ken Paxton
50%
MI Abdul El-Sayed
25%
KS Adam Hamilton
25%
FL Alex Vindman
25%
KY Andy Barr
25%
SC Annie Andrews
25%
IA Ashley Hinson
25%
FL Ashley Moody
25%
AL Barry Moore
25%
VA Bert Mizusawa
25%
TN Bill Hagerty
25%
KY Charles Booker
25%
DE Chris Coons
25%
NH Chris Pappas
25%
NJ Cory Booker
25%
NE Dan Osborn
25%
AK Dan Sullivan
25%
IL Don Tracy
25%
AL Everett Wess
25%
WY Harriet Hageman
25%
RI Jack Reed
25%
WY James Byrd
25%
LA Jamie Davis
25%
OR Jeff Merkley
25%
OK Jim Priest
25%
ID Jim Risch
25%
CO John Hickenlooper
25%
NH John Sununu
25%
OH Jon Husted
25%
IA Josh Turek
25%
LA Julia Letlow
25%
IL Juliana Stratton
25%
OK Kevin Hern
25%
MT Kurt Alme
25%
VA Mark Warner
25%
AK Mary Peltola
25%
NC Michael Whatley
25%
MN Michele Tafoya
25%
MI Mike Rogers
25%
SD Mike Rounds
25%
MN Peggy Flanagan
25%
NE Pete Ricketts
25%
WV Rachel Fetty Anderson
25%
MT Reilly Neill
25%
KS Roger Marshall
25%
NC Roy Cooper
25%
MS Scott Colom
25%
MT Seth Bodnar
25%
WV Shelley Moore Capito
25%
OH Sherrod Brown
25%
AR Tom Cotton
25%
ID David Roth
0%
AR Hallie Shoffner
0%
MA John Deaton
0%
SD Julian Beaudion
0%
CO Mark Baisley
0%
TN Marquita Bradshaw
0%
DE Michael Katz
0%
RI Raymond McKay
0%
NJ Richard Tabor
0%
No matching quizzes found
Score Distribution
Percent of People with Each Score
Percentile by Number Answered
Your Score History
You have not taken this quiz